000 00628nam a2200241 a 4500
001 57514
003 BD-RjUL
005 20211209080524.0
008 161210s1947 ii b 000 0 eng
035 _a(BD-RjUL)57638
035 _a(OCoLC)8877111
040 _aDLC
_cWaChenE
_dBD-RjUL
_beng
041 _aeng
082 _223
_a297
_bALI 1947
100 1 _aAli, Zaki.
_9170797
245 1 0 _aIslam in the world /
_cZaki Ali.
250 _a[2d rev. ed.]
260 _aLahore :
_bMuhammad Ashraf,
_c1947.
300 _ax, 434 p. :
_bill. ;
_c22 cm.
650 0 _aIslam.
_9170798
942 _2ddc
_cBK
999 _c57514
_d57514